000 01055nam a2200277 i 4500
001 184267
003 ES-MaACL
005 20231213210245.0
008 150603s2014 sp aco |||| |dspa d
020 _a978-84-86701-76-5
080 _a821.134.2 Aleixandre, Vicente 1.07(082.2)
080 _a929 Aleixandre, Vicente
245 0 0 _aEntre dos oscuridades, un relámpago
_b: en recuerdo de Vicente Aleixandre /
_cedición de Alejandro Sanz.
260 _a[Madrid] :
_bEdiciones de La Revista Áurea :
_bPolibea,
_c[2014]
300 _a200 p. :
_bil. col. y n., fot. ;
_c21 cm.
490 1 _aLa Revista Áurea ;
_v2
500 _aÍndice.
600 1 4 _aAleixandre, Vicente,
_d1898-1984-
_vHomenajes
_919691
700 1 _aSanz, Alejandro,
_d1967-
_9103558
830 0 _aLa Revista Áurea ;
_v2
_9192113
852 _aES-MaACL
_jA-13504
_9191252
_bR.150359
_cDEPO1
_dOlim: N-6504
_hDonacion: Miguel Losada
903 _aLosada, Miguel
_ednr
_974261
942 _2udc
_cMONOGRAFIA
999 _c184267
_d184267